Göreme and Sahinefendi

Saved in:

Main Author: Andrea Bixio

Format: Book

Language: Undetermined

Online Access: Login to view Source

Tags: Add Tag

No Tags, Be the first to tag this record!

Call Number:

LEADER 00427nmm a2200133Ia 4500
008 240716s9999||||xx |||||||||||||||||und||
020 |a 9781803275642 
020 |a 9781803275659 
100 |a Andrea Bixio 
245 1 0 |a Göreme and Sahinefendi  |c Andrea Bixio 
264 |b Archaeopress Access Archaeology  |c 14-سبتمبر-23 
856 4 0 |u http://library.arce.org:8087/Archaeopress/Products/9781803275642 
942 |2 lcc  |c EBOOK 
999 |c 59014  |d 59014